书目信息 |
| 题名: |
高等数学学习指导
|
|
| 作者: | 朱永银 , 冯兴山 主编 ;湖北省 组编 | |
| 分册: | ||
| 出版信息: | 武汉 武汉大学出版社 2006.08 |
|
| 页数: | 302页 | |
| 开本: | 21cm | |
| 丛书名: | 21世纪高职高专系列教材 | |
| 单 册: | ||
| 中图分类: | O13 | |
| 科图分类: | ||
| 主题词: | 高等数学--gao deng shu xue--高等学校--教学参考资料 | |
| 电子资源: | ||
| ISBN: | 7-307-05069-2 | |
| 000 | 01105nam 2200277 450 | |
| 001 | 012007232531 | |
| 005 | 20070924101158.14 | |
| 010 | @a7-307-05069-2@dCNY15.00 | |
| 100 | @a20070813d2006 km y0chiy0120 ea | |
| 101 | 0 | @achi |
| 102 | @aCN@b420000 | |
| 105 | @aa z 000yy | |
| 200 | 1 | @a高等数学学习指导@Agao deng shu xue xue xi zhi dao@f湖北省教育厅组编@Fhu bei sheng jiao yu ting zu bian@g朱永银, 冯兴山主编@Gzhu yong yin,feng xing shan zhu bian |
| 205 | @a第2版 | |
| 210 | @a武汉@c武汉大学出版社@d2006.08 | |
| 215 | @a302页@c图@d21cm | |
| 225 | 2 | @a21世纪高职高专系列教材@A21 shi ji gao zhi gao zhuan xi lie jiao cai@i数学类 |
| 330 | @a本书内容包括函数、极限与连续、导数与微分、不定积分、定积分及其应用、微分方程、多元函数微分学、积分学、无穷极数等。 | |
| 410 | 0 | @12001 @a21世纪高职高专系列教材@i数学类 |
| 606 | 0 | @a高等数学@Agao deng shu xue@x高等学校@j教学参考资料 |
| 690 | @aO13@v4 | |
| 701 | 0 | @a朱永银@Azhu yong yin@4主编 |
| 701 | 0 | @a冯兴山@Afeng xing shan@4主编 |
| 712 | 02 | @a湖北省@Ahu bei sheng jiao yu ting zu@b教育厅@4组编 |
| 801 | 0 | @aCN@c20070924 |
| 905 | @dO13@eZ898 | |
| 高等数学学习指导/湖北省教育厅组编/朱永银, 冯兴山主编.-第2版.-武汉:武汉大学出版社,2006.08 |
| 302页:图;21cm.-(21世纪高职高专系列教材.数学类) |
| ISBN 7-307-05069-2:CNY15.00 |
| 本书内容包括函数、极限与连续、导数与微分、不定积分、定积分及其应用、微分方程、多元函数微分学、积分学、无穷极数等。 |
| ● |
| 相关链接 |
|
|
|
正题名:高等数学学习指导
索取号:O13/Z898
 
预约/预借
| 序号 | 登录号 | 条形码 | 馆藏地/架位号 | 状态 | 备注 |
| 1 | 258550 | 202585504 | 自科库401/401自科库 108排2列2层/ [索取号:O13/Z898] | 在馆 | |
| 2 | 258551 | 202585513 | 自科库401/401自科库 108排2列2层/ [索取号:O13/Z898] | 在馆 | |
| 3 | 258552 | 202585522 | 自科库401/401自科库 108排2列2层/ [索取号:O13/Z898] | 在馆 |